Normal view
MARC view
Entry Personal Name
001 - CONTROL NUMBER
- control field: 78543
003 - CONTROL NUMBER IDENTIFIER
- control field: dpl
005 - DATE AND TIME OF LATEST TRANSACTION
- control field: 20250224121348.0
008 - FIXED-LENGTH DATA ELEMENTS
- fixed length control field: 250224|| aca||aabn | a|a d
040 ## - CATALOGING SOURCE
- Original cataloging agency: dpl
- Transcribing agency: dpl
100 ## - HEADING--PERSONAL NAME
- Personal name: Mahaney, Francesca
670 ## - SOURCE DATA FOUND
- Source citation: Work cat.: (dpl)209668: Ruth, Mitali Banerjee 78542, The Inside Scouts:, 2024
